MARC details
| 000 -CABECERA |
| campo de control de longitud fija |
01258nam a2200253 a 4500 |
| 001 - NÚMERO DE CONTROL |
| campo de control |
000048615 |
| 005 - FECHA Y HORA DE LA ÚLTIMA TRANSACCIÓN |
| campo de control |
20201002061259.0 |
| 008 - DATOS DE LONGITUD FIJA--INFORMACIÓN GENERAL |
| campo de control de longitud fija |
100331s2016 dr ac r 000 0 spa d |
| 020 ## - NÚMERO INTERNACIONAL ESTÁNDAR DEL LIBRO |
| Número Internacional Estándar del Libro |
9789945086430 |
| 040 ## - FUENTE DE LA CATALOGACIÓN |
| Centro catalogador/agencia de origen |
DO-SdBNP |
| Lengua de catalogación |
spa |
| Centro/agencia transcriptor |
BNPHU |
| 082 ## - NÚMERO DE LA CLASIFICACIÓN DECIMAL DEWEY |
| Número de clasificación |
xxxx |
| Número de documento/Ítem |
R696b |
| 100 1# - ENTRADA PRINCIPAL--NOMBRE DE PERSONA |
| Nombre de persona |
Rodríguez Bonilla, Manuel |
| 9 (RLIN) |
38657 |
| 245 13 - MENCIÓN DE TÍTULO |
| Título |
La batalla de la barranquita / |
| Mención de responsabilidad, etc. |
Manuel Rodríguez Bonilla ; presentación Juan Daniel Balcácel. |
| 250 ## - MENCIÓN DE EDICIÓN |
| Mención de edición |
2a. ed. |
| 260 ## - PUBLICACIÓN, DISTRIBUCIÓN, ETC. |
| Lugar de publicación, distribución, etc. |
Santo Domingo : |
| Nombre del editor, distribuidor, etc. |
Comisión Permanente de Efemérides Patria, |
| Fecha de publicación, distribución, etc. |
2016. |
| 300 ## - DESCRIPCIÓN FÍSICA |
| Extensión |
349 P. : |
| Otras características físicas |
il., retr. ; |
| Dimensiones |
22 cm. |
| 490 1# - MENCIÓN DE SERIE |
| Mención de serie |
Publicaciones de la Comisión Permanente de Efemérides Patria |
| 500 ## - NOTA GENERAL |
| Nota general |
Incluye datos biográficos del autor en la solapa de la cubierta |
| 500 ## - NOTA GENERAL |
| Nota general |
Incluye referencias bibliográficas y notas al pie de las páginas |
| 505 0# - NOTA DE CONTENIDO CON FORMATO |
| Nota de contenido con formato |
Dedicatoria -- |
| Título |
Agradecimiento -- |
| -- |
Presentación -- |
| -- |
Una aclaración necesaria -- |
| -- |
Palabras de presentación de la primera edición -- |
| -- |
Palabras preliminares -- |
| -- |
Introducción -- |
| Información miscelánea |
Parte 1 : |
| Título |
La batalla de la Barranquita -- |
| Información miscelánea |
Parte 2 : |
| Título |
El rescate histórico |
| 590 ## - NOTA LOCAL (RLIN) |
| Nota local |
Inventariado, 2019/VM |
| 700 1# - PUNTO DE ACCESO ADICIONAL--NOMBRE DE PERSONA |
| Nombre de persona |
Balcácel, Juan Daniel |
| 9 (RLIN) |
76070 |
| 830 #0 - PUNTO DE ACCESO ADICIONAL DE SERIE-TÍTULO UNIFORME |
| Título uniforme |
Publicaciones de la Comisión Permanente de Efemérides Patria |
| 9 (RLIN) |
76071 |